000 00994 a2200445 4500
000 BKB
001 136672
005 20200902153102.0
008
010 _a
020 _a9780123851284
082 _a720.47
_bK95H
100 1 _aKubba, Sam
110 _a
245 1 _aHandbook of green building design and construction : LEED, BREEAM, and Green Globes
_cby Sam Kubba
250 _a
260 _aAmsterdam
_bElsevier
_c2012
300 _a820p.
490 _a
_v
500 _a
600 _a
610 _a
611 _a
630 _aArchitecture
650 _a
651 _a
654 _a
690 _aSustainable buildings-Design and construction; Sustainable construction; Buildings-Specifications
700 _a
_b
_c
710 _a
_b
_c
711 _a
720 _a
730 _a
740 _a
752 _a
856 _a
_d
_f
904 _a
964 _a
_b
_c
_d
_e
_f
_g
965 _a
999 _c9864
_d9864